|
|
|
|
| LEADER |
02794nam a22003973i 4500 |
| 001 |
EBC6695178 |
| 003 |
MiAaPQ |
| 005 |
20231204023217.0 |
| 006 |
m o d | |
| 007 |
cr cnu|||||||| |
| 008 |
231204s2014 xx o ||||0 ger d |
| 020 |
|
|
|a 9783839414385
|q (electronic bk.)
|
| 020 |
|
|
|z 9783837614381
|
| 035 |
|
|
|a (MiAaPQ)EBC6695178
|
| 035 |
|
|
|a (Au-PeEL)EBL6695178
|
| 035 |
|
|
|a (OCoLC)1110445895
|
| 040 |
|
|
|a MiAaPQ
|b eng
|e rda
|e pn
|c MiAaPQ
|d MiAaPQ
|
| 100 |
1 |
|
|a Luft, Stefan.
|
| 245 |
1 |
0 |
|a Integration von Zuwanderern :
|b Erfahrungen, Konzepte, Perspektiven.
|
| 250 |
|
|
|a 1st ed.
|
| 264 |
|
1 |
|a Bielefeld :
|b transcript,
|c 2014.
|
| 264 |
|
4 |
|c ©2010.
|
| 300 |
|
|
|a 1 online resource (361 pages)
|
| 336 |
|
|
|a text
|b txt
|2 rdacontent
|
| 337 |
|
|
|a computer
|b c
|2 rdamedia
|
| 338 |
|
|
|a online resource
|b cr
|2 rdacarrier
|
| 490 |
1 |
|
|a Global Studies
|
| 505 |
0 |
|
|a Cover -- Inhalt -- Vorwort -- Gesellschaft und Integration. Einführung in die Thematik des Bandes -- I. ÜBERGREIFENDE INTEGRATIONSKONZEPTE -- Die bremische Integrationspolitik im Kontext des Nationalen Integrationsplanes -- Der Zielkonflikt von Gleichheit und Diversität. Integration von Immigranten, Multikulturalismus und der Wohlfahrtsstaat im internationalen Vergleich -- Interkulturelle Öffnung - Chancen und Grenzen Tatiana Lima Curvello -- Integration durch Recht? Probleme rechtlicher Steuerung infolge kultureller und sozialer Pluralität Matthias Kötter -- II. INTEGRATION AUF KOMMUNALER EBENE -- Herausforderungen kommunaler Integrationspolitik -- Soziale, ethnische und demografische Segregation in Nordrhein-Westfalen -- III. ARBEITSMARKTINTEGRATION -- Migration und demographischer Wandel aus ökonomischer Perspektive -- Zuwanderung und Arbeitsmarkt: Integration von Migranten in Bildung, Ausbildung und Arbeitsmarkt. Autorengemeinschaft -- IV. ERZIEHUNG UND SPRACHE ALS ZENTRALE FAKTOREN DER INTEGRATION -- Integration und »Multikulturalität« -- Jugendliche Gewalt und familiäre Erziehung in interkulturellen Kontexten -- V. EINBÜRGERUNG ALS INSTRUMENT DER POLITISCHEN INTEGRATION -- Staatsangehörigkeitspolitik und Integration -- Autoreninformation.
|
| 588 |
|
|
|a Description based on publisher supplied metadata and other sources.
|
| 590 |
|
|
|a Electronic reproduction. Ann Arbor, Michigan : ProQuest Ebook Central, 2023. Available via World Wide Web. Access may be limited to ProQuest Ebook Central affiliated libraries.
|
| 655 |
|
4 |
|a Electronic books.
|
| 700 |
1 |
|
|a Schimany, Peter.
|
| 776 |
0 |
8 |
|i Print version:
|a Luft, Stefan
|t Integration von Zuwanderern
|d Bielefeld : transcript,c2014
|z 9783837614381
|
| 797 |
2 |
|
|a ProQuest (Firm)
|
| 830 |
|
0 |
|a Global Studies
|
| 856 |
4 |
0 |
|u https://ebookcentral.proquest.com/lib/matrademy/detail.action?docID=6695178
|z Click to View
|